| 000 | 00585nam a22002297a 4500 | ||
|---|---|---|---|
| 001 | 000196 | ||
| 003 | DO-SdBNP | ||
| 005 | 20180223133139.0 | ||
| 007 | 000196 | ||
| 008 | 151210b 1968 sp a 00| 0 spa d | ||
| 040 |
_aBPMSU _bspa _cBPMSU |
||
| 100 | 1 | _aHergé | |
| 245 | 1 | 4 |
_aLas joyas de la Castafiore / _cHergé |
| 250 | _a3a. ed. | ||
| 260 |
_aBarcelona ; _bJuventud, _c1968. |
||
| 300 |
_a62 ; _bil. _c29 cm. |
||
| 490 | 1 | _aLas aventuras de Tintin | |
| 830 | 0 | _aLas aventuras de Tintin | |
| 942 |
_2ddc _cBK |
||
| 945 | _aInventariado, 2018/MFF | ||
| 956 |
_aYngrid Lockward _b10 |
||
| 999 |
_c9346 _d9346 |
||